African Geography By Letter L - Picture Quiz - Statistics

General Stats
  • This quiz has been taken 381 times
  • The average score is 7 of 18
Answer Stats
Picture Hint Answer % Correct
(animal) Lion
98%
(animal) Leopard
88%
(capital city) Lilongwe
74%
(country) Lesotho
70%
(capital city) Libreville
67%
(city) Lagos
62%
(region) Levant
59%
{Luxor} Temple
53%
{Libyan} Desert
52%
(currency) Leone
38%
(city) Las Palmas
29%
(province) Limpopo
22%
(language) Lingala
9%
(plant) Lemongrass
7%
(currency) Lilangeni
7%
(dish) Lablabi
2%
{Lofa} County
2%
(ethnic group) Lango
1%
No matching quizzes found
Score Distribution
Percent of People with Each Score
Percentile by Number Answered
Your Score History
You have not taken this quiz